Timko a krásna Angelika

Bibliographic Details
Main Author: Hurčík, Stanislav (Author)
Format: Article
Language:Slovak
PhysicalDescription:Fotogr. 2
Subjects:

MARC

LEADER 00000nab a2200000 a 4500
001 vtls000479615
003 SK-MaSNL
005 20260303134504.0
008 230217c1992 xo 0 slo
015 |a SNBRB19rr/mm-uuuuu 
035 |a CL0479750 
035 |a urn:nbn:sk:snk-ab1k73 
035 |a (urnnbn)urn:nbn:sk:snk:ar-004b4s 
035 |a (uuid)8f53b151-d6cc-4f01-801c-96a3d9df18b1 
040 |a SNKBUCL  |b slo  |c SNKBUCL  |e AACR2 
041 0 |a slo 
044 |a xo  |c SK 
080 |a 82:929:885.4  |2 1981 
080 |a 885.4  |2 1981 
080 |a 929 Timko, Anton Emanuel  |2 1981 
100 1 |a Hurčík, Stanislav  |4 aut  |9 6230 
245 1 0 |a Timko a krásna Angelika  |c Stanislav Hurčík 
300 |b Fotogr. 2 
600 1 7 |a Timko, Anton Emanuel,  |d 1843-1903  |2 snkbucl  |9 37661 
655 7 |a články z novín a časopisov  |2 snkbucl  |9 267496 
773 0 |t Historická revue  |g Roč. 3, č. 10 (1992), s. 24 
850 |a Slovenská národná knižnica v Martine  |a MTA001 
852 |a SNK  |b KIS3GCP 
954 |a odborná, vedecká literatúra pôvodná (slovenská)  |2 lita 
958 |a BX 
958 |a RK 
958 |a OND 
958 |a EUIPO 
958 |a article27 
992 |a RBX 
999 |c 1960835  |d 1962765